[Event "Kostic mem"]
[Site "?"]
[Date "1977.??.??"]
[Round "12"]
[White "Hernandez Roman"]
[Black "Ivanovic Bozidar"]
[Result "1-0"]
[WhiteElo "2435"]
[BlackElo "2440"]
[PlyCount "153"]
[EventDate "1977.??.??"]
[Source "www.chesslib.no"]
[SourceDate "2004.05.04"]

1. c4 c5 2. Nc3 Nf6 3. g3 d5 4. cxd5 Nxd5 5. Bg2 Nc7 6. Nf3 Nc6 7. d3 e5 8. Nd2 Be7 9. Nc4 Bd7 10. O-O O-O 11. a4 b6 12. f4 exf4 13. Bxf4 Ne6 14. Nd5 Nxf4 15. gxf4 Rb8 16. e4 Be6 17. Nce3 f6 18. Kh1 a5 19. Qh5 Nb4 20. Nxb4 cxb4 21. Nd5 Bc5 22. b3 Qd7 23. Rac1 f5 24. Qh4 Rbe8 25. Rce1 Qd6 26. Qg3 Kh8 27. h3 Bg8 28. Qh4 Re6 29. d4 Bxd4 30. Rd1 Rh6 31. Qe7 Qxe7 32. Nxe7 Bc5 33. Nxf5 Rh4 34. Nxh4 Bxb3 35. Rc1 Bxa4 36. e5 Bb3 37. f5 a4 38. f6 gxf6 39. exf6 a3 40. Be4 Be6 41. Bf5 Bd5+ 42. Ng2 b3 43. Rfd1 Bf7 44. Nf4 a2 45. Ne6 Ra8 46. Ng5 Be8 47. Be4 b2 48. Bxa8 bxc1=Q 49. Rxc1 Bd4 50. f7 Bxf7 51. Nxf7+ Kg7 52. Nd6 a1=Q 53. Rxa1 Bxa1 54. Bc6 Kf6 55. Nc4 Bd4 56. Kg2 Kg5 57. Kg3 Bc5 58. Bd7 Bd4 59. h4+ Kf6 60. Kg4 Bf2 61. Nd2 Be3 62. Ne4+ Ke5 63. Ng5 h6 64. Nf7+ Kf6 65. Nd6 Kg6 66. Be8+ Kf6 67. Kh5 Ke6 68. Nc4 Bf2 69. Kg4 Ke7 70. Bb5 Ke6 71. Nd2 Kd5 72. Be8 Kd4 73. Nf3+ Kc5 74. Bf7 b5 75. h5 b4 76. Kf5 b3 77. Kg6 1-0

[Event "Bern"]
[Site "?"]
[Date "1992.??.??"]
[Round "?"]
[White "Contin, D."]
[Black "Tukmakov, V."]
[Result "0-1"]
[WhiteElo "2335"]
[BlackElo "2535"]
[PlyCount "104"]
[EventDate "1992.??.??"]
[Source "ChessBase"]
[SourceDate "1992.02.01"]

1. c4 c5 2. Nc3 Nf6 3. g3 d5 4. cxd5 Nxd5 5. Bg2 Nc7 6. Qb3 Nc6 7. Bxc6+ bxc6 8. Nf3 Ne6 9. Qa4 Nd4 10. Ne5 Qc7 11. f4 f6 12. Nc4 h5 13. e3 Nb5 14. Ne4 h4 15. Qc2 hxg3 16. Nxg3 Be6 17. a4 Nd6 18. b3 O-O-O 19. Rb1 g5 20. f5 Bf7 21. Bb2 Rh4 22. e4 Nxc4 23. bxc4 Rxh2 24. e5 Rxh1+ 25. Nxh1 fxe5 26. Qe4 Bg7 27. Bc3 Kd7 28. Nf2 Rb8 29. Rxb8 Qxb8 30. Nd3 Qd6 31. Bxe5 Bxe5 32. Nxe5+ Ke8 33. d3 Kf8 34. Kf2 Be8 35. Kg3 Kg7 36. Kg2 Qd4 37. Qxd4 cxd4 38. Kf3 c5 39. a5 Kh6 40. Ke4 Kh5 41. Kd5 g4 42. Kxc5 g3 43. Kxd4 g2 44. Nf3 Kg4 45. Ng1 Kf4 46. a6 Bd7 47. Ne2+ Kf3 48. Ng1+ Kf2 49. Nh3+ Kg3 50. Ng1 Kh2 51. Ne2 Bxf5 52. c5 Bg4 0-1

[Event "Katowice Open"]
[Site "Katowice POL"]
[Date "1995.??.??"]
[Round "2"]
[White "Skalik, Przemyslaw"]
[Black "Wojtkiewicz, Aleksander"]
[Result "0-1"]
[WhiteElo "2330"]
[BlackElo "2530"]
[PlyCount "75"]
[EventDate "1995.??.??"]
[Source "www.chesslib.no"]
[SourceDate "2004.05.04"]

1. c4 c5 2. Nc3 Nf6 3. g3 d5 4. cxd5 Nxd5 5. Bg2 Nc7 6. Nf3 Nc6 7. O-O e5 8. d3 Be7 9. Nd2 Bd7 10. Nc4 f6 11. Ne3 O-O 12. Ned5 Nxd5 13. Nxd5 Bd6 14. Bd2 Kh8 15. Rc1 a5 16. a3 Re8 17. Rc4 Be6 18. Rh4 Bf8 19. e4 Ne7 20. Qh5 Bg8 21. f4 g6 22. Qxh7+ Bxh7 23. Nxf6 Kg7 24. fxe5 Qd4+ 25. Kh1 Bg8 26. Bh6+ Kf7 27. Nd7+ Nf5 28. Nxf8 Qxd3 29. exf5 Rxf8 30. e6+ Ke7 31. f6+ Kxe6 32. Re1+ Kd6 33. Bf4+ Kd7 34. Re7+ Kd8 35. Bc7+ Kc8 36. Bh3+ Qf5 37. Bxf5+ gxf5 38. Be5 0-1

[Event "BL2-O 9495"]
[Site "GER"]
[Date "1995.??.??"]
[Round "?"]
[White "Pribyl, Josef"]
[Black "Womacka, Mathias"]
[Result "1/2-1/2"]
[WhiteElo "2390"]
[BlackElo "2470"]
[PlyCount "51"]
[EventDate "1994.10.??"]
[Source "www.chesslib.no"]
[SourceDate "2004.05.04"]

1. c4 c5 2. Nc3 Nf6 3. g3 d5 4. cxd5 Nxd5 5. Bg2 Nc7 6. Nf3 Nc6 7. Qa4 Bd7 8. Qe4 g6 9. Ne5 Bg7 10. Nxd7 Qxd7 11. O-O O-O 12. a3 Rab8 13. b4 cxb4 14. axb4 Nb5 15. Qc4 a6 16. Bxc6 Qxc6 17. Qxc6 bxc6 18. Rxa6 Bxc3 19. dxc3 Nxc3 20. Re1 Rfc8 21. Bd2 Ne4 22. Be3 Rxb4 23. Rc1 c5 24. Ra7 Kf8 25. f3 Nd6 26. Rxc5 1/2-1/2

[Event "Groningen Open"]
[Site "Groningen NED"]
[Date "1991.??.??"]
[Round "8"]
[White "Beim, Valery"]
[Black "Fette, Martin"]
[Result "1-0"]
[WhiteElo "2480"]
[BlackElo "2380"]
[PlyCount "67"]
[EventDate "1991.12.??"]
[Source "www.chesslib.no"]
[SourceDate "2004.05.04"]

1. c4 c5 2. Nc3 Nf6 3. g3 d5 4. cxd5 Nxd5 5. Bg2 Nc7 6. d3 e5 7. Qb3 Nc6 8. Bxc6+ bxc6 9. Nf3 Bd6 10. Qa4 Bd7 11. Ne4 Qe7 12. b3 O-O 13. Ba3 Ne6 14. Rc1 Rab8 15. O-O f5 16. Nxd6 Qxd6 17. Qc4 Rb5 18. Bb2 Rb4 19. Bxe5 Qe7 20. Qc2 Rg4 21. Bb2 f4 22. Qc4 fxg3 23. Qxg4 Nd4 24. Qe4 Nxe2+ 25. Kg2 Nf4+ 26. Kxg3 Qf7 27. Qxh7+ Kxh7 28. Ng5+ Kg6 29. Nxf7 Rxf7 30. Rxc5 Nxd3 31. Rc2 Rf5 32. f4 Nb4 33. Rc4 Nd5 34. Re1 1-0

[Event "Reggio Emilia"]
[Site "Reggio Emilia"]
[Date "1979.??.??"]
[Round "?"]
[White "Adamski, Jan"]
[Black "Velikov, Petar"]
[Result "1/2-1/2"]
[WhiteElo "2415"]
[BlackElo "2440"]
[PlyCount "24"]
[EventDate "1979.??.??"]
[Source "www.chesslib.no"]
[SourceDate "2004.05.04"]

1. c4 c5 2. Nc3 Nf6 3. g3 e6 4. Nf3 d5 5. cxd5 Nxd5 6. Bg2 Nc6 7. O-O Nf6 8. d3 Be7 9. Bf4 O-O 10. Rc1 Nd5 11. Nxd5 exd5 12. d4 c4 1/2-1/2

[Event "Krasnodar"]
[Site "?"]
[Date "2001.??.??"]
[Round "?"]
[White "Strelnikov Oleg"]
[Black "Maiorov Oleg"]
[Result "1-0"]
[WhiteElo "2405"]
[BlackElo "2449"]
[PlyCount "73"]
[EventDate "2001.??.??"]
[Source "www.chesslib.no"]
[SourceDate "2004.05.04"]

1. c4 c5 2. Nc3 Nf6 3. g3 Nc6 4. Bg2 d6 5. d3 e6 6. e4 a6 7. Nge2 Qc7 8. O-O Be7 9. h3 Rb8 10. a4 Na7 11. g4 b5 12. axb5 axb5 13. cxb5 Nxb5 14. Nxb5 Rxb5 15. Qa4 Bd7 16. g5 Nh5 17. Qd1 g6 18. f4 Rb8 19. f5 gxf5 20. exf5 d5 21. Nc3 Ng3 22. Bf4 Bd6 23. Nxd5 exd5 24. Qe1+ Kd8 25. Qxg3 Bxf4 26. Qxf4 Qxf4 27. Rxf4 Rg8 28. h4 Bc6 29. Ra5 Kd7 30. Rxc5 Kd6 31. Rc2 f6 32. gxf6 Rbf8 33. Rb4 Rxf6 34. Kh2 Re8 35. Rb6 Kc7 36. Ra6 Kb7 37. Raxc6 1-0

[Event "Pinar del Rio"]
[Site "Pinar del Rio"]
[Date "1980.??.??"]
[Round "?"]
[White "Garcia Martinez, Silvino"]
[Black "Boudy, Julio"]
[Result "1-0"]
[WhiteElo "2450"]
[BlackElo "2400"]
[PlyCount "69"]
[EventDate "1980.??.??"]
[Source "www.chesslib.no"]
[SourceDate "2004.05.04"]

1. c4 c5 2. Nc3 Nf6 3. g3 d5 4. cxd5 Nxd5 5. Bg2 Nxc3 6. bxc3 g6 7. Qa4+ Nd7 8. Nf3 Bg7 9. O-O O-O 10. d4 Nb6 11. Qa3 cxd4 12. cxd4 Bf5 13. Bg5 Nc4 14. Qb3 Nd6 15. Rac1 Be4 16. Rfd1 Re8 17. Bf4 Qb6 18. Ne5 Qxb3 19. axb3 Bxg2 20. Kxg2 Nb5 21. Rc5 a6 22. g4 e6 23. e3 Bf8 24. Rc4 Rad8 25. g5 Bd6 26. Rdc1 Na3 27. Rc7 Bxc7 28. Rxc7 Nb5 29. Rxb7 Rb8 30. Rxf7 Rf8 31. Re7 Rfe8 32. Rd7 Red8 33. Rf7 Rf8 34. Rf6 Rfe8 35. Ng4 1-0

[Event "FSGM June"]
[Site "Budapest"]
[Date "2004.06.07"]
[Round "3"]
[White "Karatorossian, David"]
[Black "Almasi, Istvan"]
[Result "1/2-1/2"]
[WhiteElo "2401"]
[BlackElo "2449"]
[PlyCount "191"]
[EventDate "2004.06.05"]
[Source "Roberto Alvarez"]
[SourceDate "2004.06.13"]

1. c4 c5 2. Nc3 Nf6 3. g3 g6 4. Bg2 Bg7 5. Nf3 d5 6. cxd5 Nxd5 7. O-O O-O 8. Qa4 Nb6 9. Qh4 c4 10. d4 cxd3 11. Rd1 e5 12. Bg5 f6 13. Rxd3 Qe7 14. Bh6 g5 15. Qh5 Bf5 16. Bxg7 Kxg7 17. e4 Bg6 18. Qh3 Nc6 19. Rad1 Rad8 20. Bf1 Rxd3 21. Bxd3 Rd8 22. Qf1 Qb4 23. Rb1 Bh5 24. Be2 Bxf3 25. Bxf3 Rd2 26. Nd1 Nc4 27. h4 Rc2 28. hxg5 fxg5 29. Ra1 Nd4 30. Bg4 Qd2 31. b3 Nd6 32. Ne3 Rxa2 33. Rd1 Qb2 34. Rb1 Qd2 35. Rd1 Qb4 36. Bf5 Qxb3 37. Qh3 h6 38. Qh5 Qf7 39. Qg4 Ra4 40. Qh3 N6xf5 41. exf5 Ra6 42. g4 Rc6 43. Qg2 Rd6 44. Rb1 Nc6 45. Kh2 Rd4 46. Qf3 Rf4 47. Qe2 h5 48. gxh5 Nd4 49. h6+ Kh7 50. Qd3 Qh5+ 51. Kg1 Nf3+ 52. Kf1 Qh1+ 53. Ke2 Nd4+ 54. Kd2 Rxf2+ 55. Kc3 Qc6+ 56. Qc4 Nxf5 57. Qxc6 bxc6 58. Ng4 Rf3+ 59. Kd2 Nxh6 60. Rh1 Rf4 61. Nxe5 c5 62. Ra1 g4 63. Rxa7+ Kg8 64. Ra6 Kg7 65. Rg6+ Kh7 66. Rc6 g3 67. Rc7+ Kg8 68. Rxc5 g2 69. Nf3 Nf7 70. Ng1 Rf1 71. Ne2 g1=Q 72. Nxg1 Rxg1 73. Ke3 Kg7 74. Rc6 Rd1 75. Ra6 Nd6 76. Kf4 Kf6 77. Rb6 Rd4+ 78. Ke3 Ke5 79. Rb8 Nf5+ 80. Ke2 Ke4 81. Re8+ Kf4 82. Rf8 Rd6 83. Rf7 Ke4 84. Rf8 Nd4+ 85. Kf2 Rh6 86. Re8+ Kf4 87. Rf8+ Nf5 88. Ke2 Rh3 89. Kd2 Ra3 90. Ke2 Re3+ 91. Kd2 Re5 92. Kd3 Rd5+ 93. Kc4 Rd7 94. Kc5 Ke5 95. Re8+ Ne7 96. Kc4 1/2-1/2

[Event "Rubinstein mem"]
[Site "Polanica Zdroj"]
[Date "1980.??.??"]
[Round "12"]
[White "Tomaszewski, Roman"]
[Black "Plachetka, Jan"]
[Result "1/2-1/2"]
[WhiteElo "2365"]
[BlackElo "2480"]
[PlyCount "59"]
[EventDate "1980.08.??"]
[Source "ChessBase"]

1. c4 c5 2. Nc3 Nf6 3. g3 e6 4. Nf3 Nc6 5. Bg2 d5 6. cxd5 Nxd5 7. d4 cxd4 8. Nxd4 Nxc3 9. bxc3 Nxd4 10. cxd4 Bb4+ 11. Kf1 O-O 12. Bb2 Qa5 13. Qb3 Rd8 14. h3 Bd7 15. a3 Bd2 16. Be4 Rac8 17. a4 Bc6 18. Bxc6 Rxc6 19. Kg2 Rdc8 20. Qb5 Qc7 21. Rab1 Rc2 22. Rhd1 b6 23. Qd3 Qc6+ 24. Kg1 Bg5 25. h4 Bf6 26. d5 exd5 27. Bxf6 Qxf6 28. Qb5 d4 29. Qd5 g6 30. Qxd4 1/2-1/2

[Event "Bundesliga 9697"]
[Site "Germany"]
[Date "1996.??.??"]
[Round "?.6"]
[White "Hausrath, Daniel"]
[Black "Dinstuhl, Volkmar"]
[Result "1/2-1/2"]
[WhiteElo "2440"]
[BlackElo "2405"]
[PlyCount "88"]
[EventDate "1996.10.??"]
[Source "ChessBase"]
[SourceDate "1999.07.01"]

1. c4 c5 2. Nc3 Nf6 3. g3 d5 4. cxd5 Nxd5 5. Bg2 Nc7 6. Nf3 Nc6 7. O-O e5 8. Ne1 Bg4 9. Bxc6+ bxc6 10. Qa4 Qd7 11. Nd3 f6 12. b4 Nb5 13. Re1 cxb4 14. Nxb4 Nd4 15. Nc2 Be7 16. Ne3 Bh5 17. Kg2 Rb8 18. Ba3 O-O 19. Bxe7 Qxe7 20. Rab1 Rb6 21. Nc4 Rxb1 22. Rxb1 Qd7 23. f3 Kh8 24. Qb4 Rd8 25. Qd6 Qxd6 26. Nxd6 h6 27. Nde4 Ne6 28. d3 f5 29. Nd2 Nc5 30. Kf2 Kh7 31. Nc4 e4 32. fxe4 fxe4 33. Nxe4 Nxe4+ 34. dxe4 Rd4 35. Ne3 Rxe4 36. Rb2 Ra4 37. Rc2 Bf7 38. Rxc6 Rxa2 39. Rc7 Bg6 40. Nd5 Ra6 41. Ke3 Bb1 42. Nc3 Bg6 43. Kd4 Ra1 44. e4 Rh1 1/2-1/2

[Event "Ch Belgium (team) 2006/07"]
[Site "Belgium"]
[Date "2007.01.14"]
[Round "6"]
[White "Cekro Ekrem (BEL)"]
[Black "Eliet Nicolas (FRA)"]
[Result "1-0"]
[WhiteElo "2402"]
[BlackElo "2440"]
[PlyCount "73"]
[EventDate "2007.??.??"]
[Source "www.chesslib.no"]
[SourceDate "2004.05.04"]

1. c4 c5 2. Nc3 Nf6 3. g3 d5 4. cxd5 Nxd5 5. Bg2 Nc7 6. d3 e5 7. Be3 Be7 8. Rc1 Nd7 9. Nf3 O-O 10. Nd2 Rb8 11. O-O b6 12. Qa4 a6 13. f4 Nf6 14. Kh1 Nfd5 15. Bg1 exf4 16. gxf4 Bb7 17. Nxd5 Nxd5 18. Qb3 Re8 19. e4 Nb4 20. Rf3 Nc6 21. Rg3 Bh4 22. Re3 Nd4 23. Qd1 Be7 24. Rh3 Bc8 25. Rh5 Bf8 26. Rd5 Qf6 27. Bxd4 cxd4 28. Qf1 Qh6 29. Qf3 Be6 30. Rh5 Qf6 31. e5 Qd8 32. Ne4 Bxa2 33. Rg1 Re6 34. Ng5 Rg6 35. Nxh7 Be7 36. Qh3 f6 37. e6 1-0

[Event "BEL-ch"]
[Site "Westerlo"]
[Date "2004.07.04"]
[Round "2"]
[White "Claesen, Pieter"]
[Black "Michiels, Bart"]
[Result "1/2-1/2"]
[WhiteElo "2392"]
[BlackElo "2450"]
[PlyCount "70"]
[EventDate "2004.07.03"]
[Source "Roberto Alvarez"]
[SourceDate "2003.08.04"]

1. c4 c5 2. Nc3 Nf6 3. g3 d5 4. cxd5 Nxd5 5. Bg2 Nc7 6. Qa4+ Qd7 7. Qxd7+ Nxd7 8. Nf3 g6 9. d4 cxd4 10. Nxd4 Bg7 11. Be3 Nb6 12. Rd1 Nc4 13. Bc1 O-O 14. O-O Ne6 15. Nc2 Rb8 16. Ne3 Nxe3 17. Bxe3 b6 18. Nd5 Re8 19. Rd2 Bb7 20. Rc1 Rbc8 21. Rxc8 Bxc8 22. Nb4 Rd8 23. Nc6 Rxd2 24. Bxd2 Bd7 25. Nxa7 Bxb2 26. Bc6 Bxc6 27. Nxc6 Kf8 28. Bb4 Bf6 29. e4 Ke8 30. e5 Bg7 31. f4 Bf8 32. Kf2 Nc7 33. a4 Nd5 34. Bd2 e6 35. Kf3 Bc5 1/2-1/2

[Event "Lloyds Bank"]
[Site "London ENG"]
[Date "1980.??.??"]
[Round "?"]
[White "Povah, Nigel E"]
[Black "Chandler, Murray G"]
[Result "1/2-1/2"]
[WhiteElo "2385"]
[BlackElo "2450"]
[PlyCount "103"]
[EventDate "1980.??.??"]
[Source "www.chesslib.no"]
[SourceDate "2004.05.04"]

1. c4 c5 2. Nc3 Nf6 3. g3 d5 4. cxd5 Nxd5 5. Bg2 Nc7 6. Nf3 Nc6 7. Qa4 Bd7 8. Qe4 g6 9. Ne5 Bg7 10. Nxd7 Qxd7 11. O-O O-O 12. d3 Rac8 13. Be3 Bd4 14. Rac1 Bxe3 15. fxe3 Ne8 16. Qh4 b6 17. Qh6 e6 18. g4 f6 19. Rf2 Ne5 20. Qf4 g5 21. Qg3 Ng6 22. Rcf1 Qc7 23. Qf3 Qe5 24. Qe4 Rc7 25. h3 Kg7 26. Qxe5 Nxe5 27. Ne4 h6 28. Ng3 Kf7 29. b3 Ke7 30. d4 Ng6 31. Be4 Nh4 32. Bd3 Nd6 33. Nh5 f5 34. Ng3 cxd4 35. exd4 f4 36. Nh5 Rc3 37. Rd1 Rd8 38. Kh2 Nf7 39. Nxf4 gxf4 40. Rxf4 e5 41. dxe5 Nxe5 42. Re4 Nhg6 43. h4 Rd5 44. Rf1 Nf8 45. Bc4 Rc5 46. Rf7+ Ke8 47. Rxa7 Nfd7 48. g5 hxg5 49. hxg5 Ra5 50. Rxa5 bxa5 51. g6 Kf8 52. Be6 1/2-1/2

[Event "Voronezh-ch Region"]
[Site "Voronezh"]
[Date "2004.12.10"]
[Round "8"]
[White "Chuprikov, Dmitry"]
[Black "Sergienko, Sergey"]
[Result "1/2-1/2"]
[WhiteElo "2396"]
[BlackElo "2433"]
[PlyCount "116"]
[EventDate "2004.12.03"]
[Source "Roberto Alvarez"]
[SourceDate "2004.12.13"]

1. c4 c5 2. Nc3 Nf6 3. g3 d5 4. cxd5 Nxd5 5. Bg2 Nc7 6. Qb3 Nd7 7. Nf3 e5 8. O-O Be7 9. e3 O-O 10. d4 exd4 11. exd4 Ne6 12. d5 Nd4 13. Nxd4 cxd4 14. Nb5 Nc5 15. Qd1 d3 16. b4 Na6 17. a3 Bf6 18. Rb1 Bf5 19. Bf4 g5 20. Be3 Qd7 21. Nd4 Bg6 22. Qf3 Kg7 23. g4 Nc7 24. Rbd1 Nb5 25. Nf5+ Bxf5 26. gxf5 Nd6 27. Rxd3 Rfc8 28. h4 h6 29. hxg5 hxg5 30. Bxg5 Bxg5 31. Qg3 f6 32. f4 Nxf5 33. Qg4 Rc4 34. Bh3 Rd8 35. d6 Qb5 36. Qxf5 Qxf5 37. Bxf5 Rxf4 38. d7 Rxf1+ 39. Kxf1 Kf7 40. Kf2 Bf4 41. Rc3 Ke7 42. Rc8 Bd6 43. Ke3 a5 44. bxa5 Bxa3 45. Rc4 Kd6 46. Kd4 Bb2+ 47. Ke4 Ba3 48. Rc8 Ke7 49. Rc7 Bb4 50. Rxb7 Bxa5 51. Kd5 Ra8 52. Rb3 Bd8 53. Re3+ Kf7 54. Re8 Rb8 55. Ke4 Rb4+ 56. Kd5 Rb5+ 57. Kc6 Rb6+ 58. Kc5 Rb8 1/2-1/2

[Event "GRC Ch active"]
[Site "Athens GRC-ch active"]
[Date "1996.??.??"]
[Round "5"]
[White "Banikas, Hristos"]
[Black "Pandavos, Panayotis"]
[Result "1-0"]
[WhiteElo "2440"]
[BlackElo "2375"]
[PlyCount "123"]
[EventDate "1996.??.??"]
[Source "www.chesslib.no"]
[SourceDate "2004.05.04"]

1. c4 c5 2. Nc3 Nf6 3. g3 d5 4. cxd5 Nxd5 5. Bg2 Nc7 6. Qa4+ Qd7 7. Qxd7+ Nxd7 8. Nf3 e5 9. d3 Rb8 10. Be3 b6 11. Bh3 f6 12. Nd2 Bb7 13. O-O Nd5 14. Nxd5 Bxd5 15. Rfc1 g6 16. a3 f5 17. b4 Be7 18. Bg2 Bxg2 19. Kxg2 O-O 20. Nc4 Rbc8 21. b5 a5 22. bxa6 Ra8 23. Rab1 Rxa6 24. Rb5 Bd8 25. Bd2 Bc7 26. Bc3 Kf7 27. e4 Ke6 28. Bb2 Ra4 29. f3 h5 30. Ne3 Nf6 31. Nc4 Nd7 32. Re1 Rd8 33. exf5+ gxf5 34. Nxe5 Nxe5 35. Bxe5 Bxe5 36. f4 Rxd3 37. Rxb6+ Kd5 38. fxe5 Raxa3 39. Rd6+ Kc4 40. Rxd3 Kxd3 41. e6 Ra8 42. Kf3 c4 43. e7 Re8 44. Re6 c3 45. Rd6+ Kc4 46. Rc6+ Kd3 47. Rd6+ Kc2 48. Rd7 Kb1 49. Rb7+ Kc1 50. Kf4 c2 51. Kxf5 Kd2 52. Rd7+ Ke3 53. Rc7 Kd2 54. Kf6 c1=Q 55. Rxc1 Kxc1 56. h3 Kd2 57. g4 hxg4 58. hxg4 Ke3 59. g5 Kf4 60. g6 Kg4 61. g7 Kh5 62. Kf7 1-0

[Event "I Open"]
[Site "Calviá"]
[Date "2004.11.05"]
[Round "5"]
[White "Zak, Uriel"]
[Black "Womacka, Mathias"]
[Result "0-1"]
[WhiteElo "2363"]
[BlackElo "2445"]
[PlyCount "72"]
[EventDate "2004.11.01"]
[Source "Roberto Alvarez"]
[SourceDate "2004.11.08"]

1. c4 c5 2. Nc3 Nf6 3. g3 d5 4. cxd5 Nxd5 5. Bg2 Nc7 6. d3 e5 7. Nh3 Be7 8. f4 Nc6 9. O-O exf4 10. Nxf4 O-O 11. Be3 Bd7 12. Rc1 Rc8 13. Bf2 b6 14. e3 Ne6 15. Nfd5 Ng5 16. Qh5 f6 17. d4 Bf5 18. Nxe7+ Qxe7 19. Nd5 Qd7 20. dxc5 Bg4 21. Nxf6+ gxf6 22. Qh6 Ne5 23. Be1 Qg7 24. Qxg7+ Kxg7 25. Bb4 bxc5 26. Bxc5 Rf7 27. Bd4 Ngf3+ 28. Kh1 Rxc1 29. Rxc1 Nd3 30. Rf1 Nxd4 31. exd4 Nxb2 32. Rf4 Bd7 33. Rf2 Re7 34. h4 Nd1 35. Rd2 Re1+ 36. Kh2 Ne3 0-1

[Event "FRA Ch"]
[Site "Angers"]
[Date "1990.??.??"]
[Round "7"]
[White "Roos, Louis"]
[Black "Koch, Jean-Rene"]
[Result "0-1"]
[WhiteElo "2380"]
[BlackElo "2425"]
[PlyCount "106"]
[EventDate "1990.??.??"]
[Source "www.chesslib.no"]
[SourceDate "2004.05.04"]

1. c4 c5 2. Nc3 Nf6 3. g3 e6 4. Bg2 d5 5. Nf3 d4 6. Na4 Nc6 7. O-O Be7 8. d3 Nd7 9. a3 a6 10. b3 O-O 11. e3 Rb8 12. exd4 cxd4 13. Qc2 b6 14. Re1 Bb7 15. b4 Rc8 16. Qb3 Bf6 17. Bd2 Ne7 18. Re2 b5 19. Nb2 bxc4 20. Nxc4 Bd5 21. Rc1 Qc7 22. Qd1 Qb8 23. Ne1 Bxg2 24. Nxg2 Nd5 25. Re1 N7b6 26. Qg4 Nxc4 27. dxc4 Nb6 28. c5 Nd7 29. Bf4 Qb7 30. Bd6 Rfe8 31. Nf4 e5 32. Nh5 Re6 33. Rcd1 Qd5 34. Qe2 Rce8 35. Nxf6+ Nxf6 36. Qxa6 e4 37. Qe2 d3 38. Qe3 Qh5 39. h4 Ng4 40. Qd4 Qf5 41. Bf4 h6 42. Kg2 g5 43. hxg5 hxg5 44. Rh1 Nf6 45. Rh6 gxf4 46. Rdh1 fxg3 47. Rh8+ Kg7 48. R1h7+ Qxh7 49. Rxh7+ Kxh7 50. Kxg3 Rg8+ 51. Kf4 Rg4+ 52. Ke3 Rg2 53. Kf4 e3 0-1

[Event "Tch (Men) 2005/2006 FRA"]
[Site "?"]
[Date "2006.03.30"]
[Round "4"]
[White "Relange Eloi"]
[Black "Berthelot Yannick"]
[Result "1/2-1/2"]
[WhiteElo "2490"]
[BlackElo "2306"]
[PlyCount "35"]
[EventDate "2006.??.??"]
[Source "www.chesslib.no"]
[SourceDate "2004.05.04"]

1. c4 c5 2. Nc3 Nf6 3. g3 d5 4. cxd5 Nxd5 5. Bg2 Nc7 6. d3 e5 7. Nf3 Nc6 8. O-O Be7 9. Nd2 Bd7 10. Nc4 f6 11. f4 b5 12. Ne3 exf4 13. gxf4 Rb8 14. a4 b4 15. Ncd5 O-O 16. Nxc7 Qxc7 17. Nd5 Qd8 18. Nxe7+ 1/2-1/2

[Event "Karl-Marx-Stadt"]
[Site "Karl-Marx-Stadt"]
[Date "1990.??.??"]
[Round "?"]
[White "Rosiak, Andrzej"]
[Black "Womacka, Mathias"]
[Result "1/2-1/2"]
[WhiteElo "2390"]
[BlackElo "2405"]
[PlyCount "24"]
[EventDate "1990.??.??"]
[Source "ChessBase"]

1. c4 c5 2. Nc3 Nf6 3. g3 d5 4. cxd5 Nxd5 5. Bg2 Nc7 6. Nf3 Nc6 7. Qa4 Bd7 8. Qe4 g6 9. Ne5 Bg7 10. Nxd7 Qxd7 11. O-O O-O 12. a3 Rab8 1/2-1/2

[Event "Bundesliga 9091"]
[Site "GER"]
[Date "1991.??.??"]
[Round "?"]
[White "Heyken, Enno"]
[Black "Stein, Bernd"]
[Result "1/2-1/2"]
[WhiteElo "2415"]
[BlackElo "2370"]
[PlyCount "86"]
[EventDate "1990.10.??"]
[Source "www.chesslib.no"]
[SourceDate "2004.05.04"]

1. c4 c5 2. Nc3 Nf6 3. g3 d5 4. cxd5 Nxd5 5. Bg2 Nc7 6. Nf3 Nc6 7. O-O e5 8. Ne1 Bd7 9. Nd3 Bd6 10. Ne4 Qe7 11. f4 exf4 12. gxf4 Bf5 13. Nxd6+ Qxd6 14. Nf2 Qxf4 15. Ne4 Qxe4 16. Bxe4 Bxe4 17. d3 Bg6 18. Be3 O-O-O 19. Rc1 Rhe8 20. Bxc5 Rd5 21. Rf3 Bh5 22. Re3 Rg5+ 23. Kh1 Rxe3 24. Bxe3 Re5 25. Rc5 Nd5 26. Rxd5 Rxd5 27. Bf4 g5 28. Bg3 f5 29. Qb3 Bf7 30. e3 h5 31. h4 f4 32. exf4 gxf4 33. Bxf4 Rf5 34. Qa4 a5 35. Kg1 Bd5 36. Bh2 Rf7 37. Qb5 Rg7+ 38. Kf1 Rf7+ 39. Ke1 Re7+ 40. Kf1 Rf7+ 41. Ke1 Re7+ 42. Kd2 Re2+ 43. Kd1 Be6 1/2-1/2

[Event "Alicante"]
[Site "Alicante ESP"]
[Date "1977.??.??"]
[Round "7"]
[White "Garcia Padron, Jose"]
[Black "Sanz Aguado, Jose"]
[Result "1/2-1/2"]
[WhiteElo "2425"]
[BlackElo "2350"]
[PlyCount "91"]
[EventDate "1977.??.??"]
[Source "www.chesslib.no"]
[SourceDate "2004.05.04"]

1. c4 c5 2. Nc3 Nf6 3. g3 d5 4. cxd5 Nxd5 5. Bg2 Nc7 6. Nf3 Nc6 7. O-O e5 8. d3 Be7 9. Nd2 Bd7 10. Nc4 O-O 11. Bxc6 Bxc6 12. Nxe5 Be8 13. Be3 Bf6 14. Nf3 Ne6 15. Ne4 Bxb2 16. Rb1 Bd4 17. Bxd4 cxd4 18. Rxb7 Bc6 19. Rb2 Qa5 20. Rc2 Qd5 21. Qd2 Rad8 22. Rfc1 Ba8 23. Nc5 Qh5 24. Nxe6 fxe6 25. Ng5 Rxf2 26. Nf3 Rf8 27. Rc8 Qxf3 28. exf3 Rxd2 29. Rxf8+ Kxf8 30. Rc8+ Ke7 31. Rxa8 Rxa2 32. f4 Ra3 33. Kf2 Rxd3 34. Rxa7+ Kf6 35. Rd7 h5 36. Ke2 Re3+ 37. Kd2 Ra3 38. Rxd4 Ra2+ 39. Ke3 Rxh2 40. Ra4 Rh3 41. Kf2 h4 42. gxh4 Kf5 43. Ra7 Rh2+ 44. Kg3 Rh1 45. Ra5+ Kf6 46. Kg4 1/2-1/2

[Event "Decin-B 8th"]
[Site "Decin CZE"]
[Date "1978.06.21"]
[Round "12"]
[White "Tabor, Jozsef"]
[Black "Drvota, Antonin"]
[Result "0-1"]
[WhiteElo "2370"]
[BlackElo "2405"]
[PlyCount "82"]
[EventDate "1978.06.10"]
[Source "www.chesslib.no"]
[SourceDate "2004.05.04"]

1. c4 c5 2. Nc3 Nf6 3. g3 d5 4. cxd5 Nxd5 5. Bg2 Nc7 6. b3 Nc6 7. f4 g6 8. Bb2 Bg7 9. Nf3 O-O 10. O-O Rb8 11. Rc1 b6 12. Qc2 Ne6 13. Qb1 Ba6 14. Rf2 Ncd4 15. Ne1 Qd6 16. e3 Nf5 17. g4 Nh4 18. Ne4 Qd8 19. f5 Nxg2 20. Rxg2 Nc7 21. Bxg7 Kxg7 22. g5 Ne8 23. Nf3 Bd3 24. Qb2+ Kg8 25. Ng3 Bxf5 26. Nxf5 gxf5 27. Rc4 Ng7 28. Rh4 f6 29. Rh6 Rf7 30. gxf6 exf6 31. Nh4 Kh8 32. Ng6+ Kg8 33. Nf4 Qd6 34. Nh5 Rbf8 35. Kf1 Kh8 36. Nf4 Ne6 37. Nh5 f4 38. Rf2 Qd3+ 39. Ke1 Rg8 40. Ng3 fxg3 41. Rfxf6 g2 0-1

[Event "TCh-BEL 2003-4"]
[Site "Belgium"]
[Date "2003.12.14"]
[Round "1"]
[White "Claesen, Pieter"]
[Black "Michiels, Bart"]
[Result "1-0"]
[WhiteElo "2382"]
[BlackElo "2390"]
[PlyCount "85"]
[EventDate "2003.10.05"]
[Source "Roberto Alvarez"]
[SourceDate "2003.12.31"]

1. c4 c5 2. Nc3 Nf6 3. g3 d5 4. cxd5 Nxd5 5. Bg2 Nc7 6. Qa4+ Qd7 7. Qxd7+ Nxd7 8. Nf3 e5 9. d3 Be7 10. Nd2 Ne6 11. Nc4 Nd4 12. Rb1 f6 13. Nd5 Rb8 14. e3 b5 15. Nxe7 bxc4 16. Nxc8 Nb5 17. dxc4 Na3 18. bxa3 Rxb1 19. Kd1 a6 20. Kc2 Rb8 21. Nd6+ Ke7 22. Nf5+ Kf8 23. e4 g6 24. Rd1 Nb6 25. Ne3 Kf7 26. Bf1 Rhd8 27. Rxd8 Rxd8 28. Nd5 Nd7 29. Be3 f5 30. Bh3 Ke6 31. Bg5 Rf8 32. Kd3 h6 33. Be3 Kd6 34. exf5 gxf5 35. Bxh6 Rh8 36. Ne3 e4+ 37. Kc3 Kc6 38. Nxf5 Ne5 39. Bg2 Ng4 40. Bxe4+ Kb6 41. Bg7 Rxh2 42. f3 Nf2 43. Bc2 1-0

[Event "BEL-chA"]
[Site "?"]
[Date "2000.07.??"]
[Round "3"]
[White "Cekro Ekrem"]
[Black "Abolianin Arthur"]
[Result "1/2-1/2"]
[WhiteElo "2425"]
[BlackElo "2345"]
[PlyCount "79"]
[EventDate "2000.??.??"]
[Source "www.chesslib.no"]
[SourceDate "2004.05.04"]

1. c4 c5 2. Nc3 Nf6 3. g3 d5 4. cxd5 Nxd5 5. Bg2 Nc7 6. d3 e5 7. Be3 Be7 8. Rc1 Nd7 9. Nf3 O-O 10. Nd2 Rb8 11. O-O Nf6 12. Nc4 Nfd5 13. Bd2 f6 14. Ne3 Be6 15. Ncxd5 Nxd5 16. Qa4 a6 17. Ba5 b6 18. Qc6 Nxe3 19. Qxe6+ Kh8 20. fxe3 bxa5 21. Rc2 Qd6 22. Qxd6 Bxd6 23. Bd5 Rb4 24. Bc4 Rb6 25. b3 g6 26. e4 Kg7 27. Bd5 f5 28. Kg2 Be7 29. e3 Rbf6 30. a4 fxe4 31. Rxf6 Rxf6 32. Bxe4 Rf8 33. Bd5 g5 34. Be4 Rf6 35. Re2 Bd8 36. Re1 h6 37. Rh1 h5 38. h4 g4 39. Rf1 Rxf1 40. Kxf1 1/2-1/2